The major religions : an introduction with texts / (Record no. 99)

000 -LEADER
fixed length control field 00810cam a2200241 a 4500
001 - CONTROL NUMBER
control field 4451193
003 - CONTROL NUMBER IDENTIFIER
control field OSt
005 - DATE AND TIME OF LATEST TRANSACTION
control field 20140116120818.0
008 - FIXED-LENGTH DATA ELEMENTS--GENERAL INFORMATION
fixed length control field 950407s1996 mauab b 001 0 eng
010 ## - LIBRARY OF CONGRESS CONTROL NUMBER
LC control number 95015093
020 ## - INTERNATIONAL STANDARD BOOK NUMBER
International Standard Book Number 9781405110495
040 ## - CATALOGING SOURCE
Original cataloging agency DLC
Transcribing agency DLC
Modifying agency DLC
050 00 - LIBRARY OF CONGRESS CALL NUMBER
Classification number BL80.3.B87 2004
100 1# - MAIN ENTRY--PERSONAL NAME
Personal name Burke, T. Patrick
Fuller form of name (Thomas Patrick),
Dates associated with a name 1934-
245 14 - TITLE STATEMENT
Title The major religions : an introduction with texts /
Statement of responsibility, etc T. Patrick Burke.
260 ## - PUBLICATION, DISTRIBUTION, ETC. (IMPRINT)
Place of publication, distribution, etc Cambridge, Mass. :
Name of publisher, distributor, etc Blackwell,
Date of publication, distribution, etc 1996.
300 ## - PHYSICAL DESCRIPTION
Extent xix, 380 p. :
Other physical details ill., maps ;
Dimensions 25 cm.
504 ## - BIBLIOGRAPHY, ETC. NOTE
Bibliography, etc Includes bibliographical references and index.
650 #0 - SUBJECT ADDED ENTRY--TOPICAL TERM
Topical term or geographic name as entry element Religions.
906 ## - LOCAL DATA ELEMENT F, LDF (RLIN)
a 7
b cbc
c orignew
d 1
e ocip
f 19
g y-gencatlg
942 ## - ADDED ENTRY ELEMENTS (KOHA)
Source of classification or shelving scheme
Koha item type Book
Holdings
Withdrawn status Lost status Source of classification or shelving scheme Damaged status Not for loan Home library Current library Date acquired Source of acquisition Total Checkouts Full call number Barcode Checked out Date last seen Date checked out Copy number Price effective from Koha item type Total Renewals
          Riara University Library Riara University Library 07/10/2011 Purchase 6 BL80.3.B87 2004 1674/11 20/08/2015 27/07/2015 27/07/2015 C.3 07/10/2011 Book  
          Riara University Library Riara University Library 07/10/2011 Purchase 15 BL80.3.B87 2004 1675/11   05/11/2018 22/10/2018 C.2 07/10/2011 Book 2
          Riara University Library Riara University Library 07/10/2011 Purchase 5 BL80.3.B87 2004 1673/11   15/05/2018 03/02/2018 C.1 07/10/2011 Book  

Riara University Library,
P.O. Box 49940-00100,
Nairobi, Kenya.